Nemzetközi szociológiai konferencia Szegeden

Elmentve itt :
Bibliográfiai részletek
Testületi szerző: Nemzetközi szociológiai konferencia (2013) (Szeged)
Dokumentumtípus: Cikk
Megjelent: Szegedi Tudományegyetem Juhász Gyula Pedagógusképző Kar Alkalmazott Egészségtudományi és Egészségfejlesztési Intézet Szeged 2014
Sorozat:Egész-ség 2 No. 1
Kulcsszavak:Szociológia - konferencia - beszámoló
Tárgyszavak:
Online Access:http://acta.bibl.u-szeged.hu/41699
LEADER 00818nab a2200193 i 4500
001 acta41699
005 20250508131836.0
008 170320s2014 hu o 000 hun d
040 |a SZTE Egyetemi Kiadványok Repozitórium  |b hun 
041 |a hun 
245 0 0 |a Nemzetközi szociológiai konferencia Szegeden  |h [elektronikus dokumentum] 
260 |a Szegedi Tudományegyetem Juhász Gyula Pedagógusképző Kar Alkalmazott Egészségtudományi és Egészségfejlesztési Intézet  |b Szeged  |c 2014 
300 |a 5-6 
490 0 |a Egész-ség  |v 2 No. 1 
650 4 |a Társadalomtudományok 
650 4 |a Szociológia 
695 |a Szociológia - konferencia - beszámoló 
710 |a Nemzetközi szociológiai konferencia (2013) (Szeged) 
856 4 0 |u http://acta.bibl.u-szeged.hu/41699/1/egesz-seg_002_001_005-006.pdf  |z Dokumentum-elérés